000 01736nam0a2200349 4500
001 RU\NLR\BIBL_A\011773977
005 20180907105042.0
010 _a978-5-4469-1320-6
_9200
021 _aRU
_bКН-П-18-053359
_9КН-П-18-3845
035 _a(NLR Aleph) 011773977
035 _a(RuMoRGB)009695263
090 _a11741534
_c11741534
100 _a20180821d2018 u y0rusy50 ca
101 0 _arus
102 _aRU
105 _aach|zzzz0|1yd
200 1 _aАртиллерийские береговые батареи 211 и 212. Неизвестная страница истории Кингисеппского и Ломоносовского районов
_fА. С. Жестков
210 _aСанкт-Петербург
_c[б. и.]
_d2018
215 _a100, [1] с., [5] л. цв. ил., факс.
_cил., табл., портр.
_d22
320 _aБиблиогр.: с. 95-99 (87 назв. )
333 _a12+
517 1 _aНеизвестная страница истории Кингисеппского и Ломоносовского районов
601 0 2 _aАртиллерийская береговая батарея
_c211
_2nlr_sh2
_3RU\NLR\AUTH\6601640417
601 0 2 _aАртиллерийская береговая батарея
_c212
_2nlr_sh2
_3RU\NLR\AUTH\6601640418
686 1 _aЦ661.242г(2)
700 1 _aЖестков
_bА. С.
_gАлексей Сергеевич
942 _cBOOK
980 _aNBR
980 _aNB